NFL Week 8 Fantasy Leaders 2025-2026 - Statistics

General Stats
  • This quiz has been taken 164 times
  • The average score is 12 of 20
Answer Stats
Position Points Player % Correct
RB 37.4 Jonathan Taylor
90%
QB 25 Patrick Mahomes
78%
QB 23.2 Josh Allen
77%
TE 33.3 Tucker Kraft
74%
RB 33.6 James Cook
69%
RB 33.4 Saquon Barkley
69%
QB 24.3 Joe Flacco
66%
QB 28.3 Jordan Love
65%
QB 23.2 Daniel Jones
63%
QB 27.3 Drake Maye
62%
RB 25.5 Chase Brown
61%
QB 26.3 Justin Herbert
61%
QB 25.4 Jalen Hurts
59%
QB 24.8 Bo Nix
58%
RB 32.9 Breece Hall
52%
WR 25.5 Rashee Rice
44%
QB 24.2 Tua Tagovailoa
37%
WR 23.5 Michael Pittman Jr.
33%
RB 24.1 RJ Harvey
29%
WR 26.9 Troy Franklin
28%
No matching quizzes found
Score Distribution
Percent of People with Each Score
Percentile by Number Answered
Your Score History
You have not taken this quiz